[Event "18. Obert Int. Sant Marti 2016"]
[Site "Barcelona ESP"]
[Date "2016.07.21"]
[Round "9.14"]
[White "Gomez Jurado, Luis Alberto"]
[Black "Alvarez Pedraza, Aramis"]
[Result "0-1"]
[WhiteElo "2244"]
[BlackElo "2484"]
[PlyCount "66"]
[EventDate "2016.07.13"]
[EventType "swiss"]
[EventRounds "9"]
[EventCountry "ESP"]
[SourceTitle "Ajedrez en Madrid"]
[Source "lmi"]
[SourceDate "2016.07.13"]
[SourceVersion "1"]
[SourceVersionDate "2019.06.21"]
[SourceQuality "1"]

1. c4 e5 2. g3 h5 3. h4 Nc6 4. Nc3 Bc5 5. e3 a6 6. Nge2 d6 7. d4 Ba7 8. Bg2 Nf6
9. O-O Bg4 10. f3 Bd7 11. b4 Nxb4 12. Rb1 Nc6 13. Rxb7 Na5 14. Rb1 Nxc4 15. Qd3
exd4 16. Qxc4 dxc3 17. Nxc3 O-O 18. f4 c6 19. Kh1 d5 20. Qd3 Re8 21. e4 Ng4 22.
Rb2 dxe4 23. Bxe4 Qf6 24. Qxd7 Qxc3 25. Rb7 Qc4 26. Bd3 Qd5+ 27. Qxd5 cxd5 28.
Bxa6 Bd4 29. Rb4 Rxa6 30. Rxd4 Rxa2 31. Rd2 Rxd2 32. Bxd2 Re2 33. Bc1 Nh2 0-1

[Event "18. Obert Int. Sant Marti 2016"]
[Site "Barcelona ESP"]
[Date "2016.07.21"]
[Round "9.15"]
[White "Sanchez Jerez, Emilio Miguel"]
[Black "Ortega Amarelle, Mariano"]
[Result "0-1"]
[WhiteElo "2201"]
[BlackElo "2465"]
[PlyCount "102"]
[EventDate "2016.07.13"]
[EventType "swiss"]
[EventRounds "9"]
[EventCountry "ESP"]
[SourceTitle "Ajedrez en Madrid"]
[Source "lmi"]
[SourceDate "2016.07.13"]
[SourceVersion "1"]
[SourceVersionDate "2019.06.21"]
[SourceQuality "1"]

1. e4 c5 2. Nf3 e6 3. Nc3 Nc6 4. g3 d5 5. Bg2 d4 6. Ne2 e5 7. d3 Bd6 8. O-O
Nge7 9. Nd2 Be6 10. f4 f6 11. Nf3 h6 12. Nh4 Qd7 13. f5 Bf7 14. c4 dxc3 15.
bxc3 Bc7 16. Be3 O-O-O 17. Bxc5 Qxd3 18. Qe1 Bd6 19. Bf2 Ba3 20. Nc1 Qd2 21.
Nb3 Qxe1 22. Rfxe1 Bxb3 23. axb3 Bb2 24. Ra2 Bxc3 25. Rc1 Bd4 26. Bxd4 Rxd4 27.
Rxa7 Kb8 28. Ra2 Rhd8 29. Nf3 Rd3 30. Rb2 Nb4 31. Kf2 Rc8 32. Rxc8+ Nxc8 33.
Bf1 Nd6 34. Kg2 Re3 35. Nd2 Nxe4 36. Nxe4 Rxe4 37. Rd2 Kc7 38. Kf3 Re1 39. Bc4
Nc6 40. Kg4 Nd4 41. Be6 Re2 42. Rxe2 Nxe2 43. h4 Kd6 44. Bc4 Nd4 45. b4 b6 46.
Ba6 Nc6 47. Kh5 Nxb4 48. Kg6 Nxa6 49. Kxg7 e4 50. Kxf6 e3 51. Kg6 e2 0-1

[Event "18. Obert Int. Sant Marti 2016"]
[Site "Barcelona ESP"]
[Date "2016.07.21"]
[Round "9.16"]
[White "Swayams, Mishra"]
[Black "Glimbrant, Torbjorn"]
[Result "1-0"]
[WhiteElo "2457"]
[BlackElo "2203"]
[PlyCount "45"]
[EventDate "2016.07.13"]
[EventType "swiss"]
[EventRounds "9"]
[EventCountry "ESP"]
[SourceTitle "Ajedrez en Madrid"]
[Source "lmi"]
[SourceDate "2016.07.13"]
[SourceVersion "1"]
[SourceVersionDate "2019.06.21"]
[SourceQuality "1"]

1. c4 e6 2. d4 d5 3. Nc3 Be7 4. Nf3 Nf6 5. Bf4 O-O 6. e3 c5 7. dxc5 Bxc5 8. Qc2
Nc6 9. Rd1 Qa5 10. Be2 Re8 11. O-O e5 12. Bg5 d4 13. Bxf6 dxc3 14. Ng5 g6 15.
Nxh7 Bf5 16. e4 Nd4 17. Rxd4 exd4 18. exf5 Kxh7 19. Qd3 Bf8 20. Qh3+ Bh6 21. g4
Rh8 22. g5 Kg8 23. Bxh8 1-0

[Event "18. Obert Int. Sant Marti 2016"]
[Site "Barcelona ESP"]
[Date "2016.07.21"]
[Round "9.17"]
[White "Li, Di"]
[Black "Gautier, Anand"]
[Result "1-0"]
[WhiteElo "2426"]
[BlackElo "2186"]
[PlyCount "135"]
[EventDate "2016.07.13"]
[EventType "swiss"]
[EventRounds "9"]
[EventCountry "ESP"]
[SourceTitle "Ajedrez en Madrid"]
[Source "lmi"]
[SourceDate "2016.07.13"]
[SourceVersion "1"]
[SourceVersionDate "2019.06.21"]
[SourceQuality "1"]

1. c4 Nf6 2. Nf3 g6 3. b3 Bg7 4. Bb2 O-O 5. g3 c6 6. Bg2 d5 7. O-O Bg4 8. d3
Nbd7 9. Nbd2 Re8 10. h3 Bxf3 11. Bxf3 e5 12. Bg2 e4 13. dxe4 dxe4 14. e3 Nc5
15. b4 Nd3 16. Bc3 Qe7 17. Rb1 Rad8 18. Qc2 Ne5 19. Bd4 Qe6 20. g4 h5 21. gxh5
Nf3+ 22. Nxf3 exf3 23. Bxf3 Qxh3 24. Bg2 Qxh5 25. Rfd1 a6 26. Bb6 Rd7 27. a4
Ree7 28. a5 Rxd1+ 29. Qxd1 Qf5 30. Rc1 Rd7 31. Qe2 Ne4 32. Qc2 Nd6 33. Qxf5
Nxf5 34. b5 axb5 35. cxb5 cxb5 36. Rb1 Nd6 37. Bc5 Bf8 38. Bxd6 Rxd6 39. Bxb7
Rd2 40. Rxb5 Ra2 41. Bd5 Ra1+ 42. Kg2 Kg7 43. Bc4 Ra4 44. Be2 Bd6 45. Rd5 Be7
46. a6 Kf6 47. Rd7 Ke6 48. Rb7 Bc5 49. Bb5 Ra5 50. Bc4+ Ke5 51. Rxf7 Ra4 52.
Bf1 Ra2 53. Kg3 Ra1 54. Bb5 Ra5 55. Rb7 Kf5 56. Bd3+ Kf6 57. Kf3 Ra3 58. Ke4 g5
59. Bc4 Ra5 60. Rc7 Bd6 61. Rf7+ Kg6 62. Rd7 Bb4 63. Rb7 Bc5 64. Rb5 Rxb5 65.
Bxb5 Ba7 66. Be2 Kf6 67. Bg4 Bb6 68. Kd5 1-0

[Event "18. Obert Int. Sant Marti 2016"]
[Site "Barcelona ESP"]
[Date "2016.07.21"]
[Round "9.18"]
[White "Harikrishnan.A.Ra"]
[Black "Aguero Jimenez, Luis Lazaro"]
[Result "1-0"]
[WhiteElo "2138"]
[BlackElo "2415"]
[PlyCount "65"]
[EventDate "2016.07.13"]
[EventType "swiss"]
[EventRounds "9"]
[EventCountry "ESP"]
[SourceTitle "Ajedrez en Madrid"]
[Source "lmi"]
[SourceDate "2016.07.13"]
[SourceVersion "1"]
[SourceVersionDate "2019.06.21"]
[SourceQuality "1"]

1. e4 c5 2. Nf3 Nc6 3. Bb5 e6 4. Bxc6 bxc6 5. O-O Ne7 6. d3 Ng6 7. Ng5 e5 8.
Qh5 Qe7 9. Nh3 d6 10. Bg5 Qc7 11. Na3 h6 12. Bd2 Be7 13. Nc4 Be6 14. Ne3 Qd7
15. Nf5 Bf6 16. f4 Nxf4 17. Nxf4 exf4 18. Bxf4 g6 19. Qe2 gxf5 20. exf5 O-O-O
21. fxe6 fxe6 22. Rab1 Rhg8 23. Kh1 Bg5 24. b4 cxb4 25. Rxb4 c5 26. Rb3 Bxf4
27. Qe4 d5 28. Qxf4 Qd6 29. Qf7 Qd7 30. Qf2 Qd6 31. Rfb1 Rdf8 32. Qe3 Rf6 33.
Rb8+ 1-0

[Event "18. Obert Int. Sant Marti 2016"]
[Site "Barcelona ESP"]
[Date "2016.07.21"]
[Round "9.19"]
[White "Meneses Gonzalez, Kevin Moises"]
[Black "Parnali, S Dharia"]
[Result "0-1"]
[WhiteElo "2379"]
[BlackElo "2161"]
[PlyCount "164"]
[EventDate "2016.07.13"]
[EventType "swiss"]
[EventRounds "9"]
[EventCountry "ESP"]
[SourceTitle "Ajedrez en Madrid"]
[Source "lmi"]
[SourceDate "2016.07.13"]
[SourceVersion "1"]
[SourceVersionDate "2019.06.21"]
[SourceQuality "1"]

1. e4 e5 2. Nf3 Nc6 3. Bc4 Nf6 4. d3 Bc5 5. O-O d6 6. c3 a6 7. b4 Ba7 8. Nbd2
h6 9. a4 Ne7 10. Bb3 Ng6 11. Nc4 Be6 12. Be3 O-O 13. Re1 Nh5 14. Bxa7 Rxa7 15.
Ne3 Nhf4 16. Bxe6 fxe6 17. d4 Qf6 18. g3 Nd3 19. Qxd3 Qxf3 20. Ra2 Raa8 21. d5
Nf4 22. gxf4 exf4 23. Qe2 fxe3 24. Qxf3 Rxf3 25. Rxe3 Rxe3 26. fxe3 Rf8 27. Kg2
e5 28. c4 Kf7 29. c5 Ke7 30. Rc2 Rf6 31. a5 Rg6+ 32. Kf3 dxc5 33. bxc5 Kd7 34.
h4 Rg1 35. h5 Rh1 36. Rg2 Rh3+ 37. Kg4 Rh1 38. Kf3 Rh3+ 39. Ke2 Rxh5 40. Rxg7+
Kc8 41. Rg8+ Kd7 42. Rb8 Rh2+ 43. Kd3 Ra2 44. Rxb7 Rxa5 45. c6+ Kd6 46. Rb8
Ra3+ 47. Ke2 a5 48. Rh8 Ra2+ 49. Kd3 Ra3+ 50. Kc4 Ra4+ 51. Kb5 Rb4+ 52. Kxa5
Rxe4 53. Rd8+ Kc5 54. Ka6 Rb4 55. Rd7 e4 56. Rxc7 Kxd5 57. Rc8 Kd6 58. Rh8 Kxc6
59. Rxh6+ Kd5 60. Ka5 Rb3 61. Rh3 Kc4 62. Ka4 Rb1 63. Ka3 Kd3 64. Ka2 Rb8 65.
Rg3 Ke2 66. Rh3 Kf2 67. Ka3 Rb1 68. Ka2 Re1 69. Kb2 Rxe3 70. Rh2+ Ke1 71. Rh8
Kd2 72. Rh1 Re1 73. Rh8 e3 74. Rd8+ Ke2 75. Kc2 Rh1 76. Re8 Rh7 77. Rc8 Rd7 78.
Rc6 Ke1 79. Rh6 e2 80. Rh1+ Kf2 81. Rh2+ Kf1 82. Rh1+ Kg2 0-1

[Event "18. Obert Int. Sant Marti 2016"]
[Site "Barcelona ESP"]
[Date "2016.07.21"]
[Round "9.20"]
[White "Garcia Ramos, Daniel"]
[Black "Cruz, Filemon"]
[Result "1-0"]
[WhiteElo "2195"]
[BlackElo "2407"]
[PlyCount "69"]
[EventDate "2016.07.13"]
[EventType "swiss"]
[EventRounds "9"]
[EventCountry "ESP"]
[SourceTitle "Ajedrez en Madrid"]
[Source "lmi"]
[SourceDate "2016.07.13"]
[SourceVersion "1"]
[SourceVersionDate "2019.06.21"]
[SourceQuality "1"]

1. e4 e5 2. Nf3 Nc6 3. Bb5 g6 4. O-O Bg7 5. c3 Nge7 6. d4 exd4 7. cxd4 d5 8.
exd5 Nxd5 9. Re1+ Be6 10. Bg5 Qd6 11. Nc3 O-O 12. Ne4 Qb4 13. Bxc6 bxc6 14. Qc2
Rab8 15. b3 Qb5 16. Qd2 Rfe8 17. Rac1 Bf5 18. Nc5 Rxe1+ 19. Qxe1 h6 20. Bd2 Rd8
21. h3 Be6 22. a4 Qb6 23. Ba5 Qb8 24. Nxe6 Re8 25. Rxc6 Qxb3 26. Qc1 fxe6 27.
Bxc7 Qxa4 28. Be5 Bxe5 29. Nxe5 Qxd4 30. Rxe6 Rxe6 31. Qc8+ Kg7 32. Qxe6 Qf4
33. Qxg6+ Kf8 34. Qd6+ Kg7 35. Qd7+ 1-0

[Event "18. Obert Int. Sant Marti 2016"]
[Site "Barcelona ESP"]
[Date "2016.07.21"]
[Round "9.21"]
[White "Capellades Subirana, Marc"]
[Black "Teichmann, Erik O M C"]
[Result "0-1"]
[WhiteElo "2153"]
[BlackElo "2312"]
[PlyCount "66"]
[EventDate "2016.07.13"]
[EventType "swiss"]
[EventRounds "9"]
[EventCountry "ESP"]
[SourceTitle "Ajedrez en Madrid"]
[Source "lmi"]
[SourceDate "2016.07.13"]
[SourceVersion "1"]
[SourceVersionDate "2019.06.21"]
[SourceQuality "1"]

1. e4 Nc6 2. d4 e5 3. d5 Nce7 4. c4 Ng6 5. Nc3 Bc5 6. Qd3 d6 7. a3 N8e7 8. b4
Bb6 9. c5 dxc5 10. bxc5 Ba5 11. Bd2 O-O 12. Nge2 f5 13. f3 fxe4 14. fxe4 b6 15.
Qc4 Kh8 16. c6 a6 17. a4 Qd6 18. Nc1 Qf6 19. Kd1 Bg4+ 20. Be2 Bxe2+ 21. N1xe2
Nc8 22. Kc2 Nd6 23. Qd3 Nf4 24. Nxf4 exf4 25. Rhf1 Qe5 26. Rae1 b5 27. g3 fxg3
28. Rxf8+ Rxf8 29. Qxg3 Qd4 30. axb5 Nxb5 31. Qe3 Qc4 32. Ra1 Bxc3 33. Bxc3
Nxc3 0-1

[Event "18. Obert Int. Sant Marti 2016"]
[Site "Barcelona ESP"]
[Date "2016.07.21"]
[Round "9.22"]
[White "Niraj, Saripalli"]
[Black "Uribe Arteaga, Daniel"]
[Result "0-1"]
[WhiteElo "2140"]
[BlackElo "2304"]
[PlyCount "50"]
[EventDate "2016.07.13"]
[EventType "swiss"]
[EventRounds "9"]
[EventCountry "ESP"]
[SourceTitle "Ajedrez en Madrid"]
[Source "lmi"]
[SourceDate "2016.07.13"]
[SourceVersion "1"]
[SourceVersionDate "2019.06.21"]
[SourceQuality "1"]

1. b3 Nf6 2. Bb2 g6 3. g3 Bg7 4. Bg2 O-O 5. Nf3 d6 6. c4 e5 7. O-O c5 8. d3 Nc6
9. Nc3 Nh5 10. Ne1 f5 11. Nd5 f4 12. Nc2 Be6 13. b4 cxb4 14. a3 bxa3 15. Rxa3
Rf7 16. Bc3 Qg5 17. Bd2 Raf8 18. Ncb4 Qd8 19. Nxc6 bxc6 20. Nb4 Qc8 21. Qa4
fxg3 22. hxg3 c5 23. Nd5 Bh3 24. Ne3 Bxg2 25. Nxg2 Nxg3 0-1

[Event "18. Obert Int. Sant Marti 2016"]
[Site "Barcelona ESP"]
[Date "2016.07.21"]
[Round "9.23"]
[White "Dardha, Daniel"]
[Black "Vehi Bach, Victor Manuel"]
[Result "0-1"]
[WhiteElo "2035"]
[BlackElo "2298"]
[PlyCount "48"]
[EventDate "2016.07.13"]
[EventType "swiss"]
[EventRounds "9"]
[EventCountry "ESP"]
[SourceTitle "Ajedrez en Madrid"]
[Source "lmi"]
[SourceDate "2016.07.13"]
[SourceVersion "1"]
[SourceVersionDate "2019.06.21"]
[SourceQuality "1"]

1. e4 c5 2. Nf3 e6 3. d4 cxd4 4. Nxd4 a6 5. c4 Nf6 6. Nc3 Bb4 7. Bd3 Nc6 8. a3
Bxc3+ 9. bxc3 Qa5 10. Bd2 Qc7 11. O-O d6 12. Bg5 Ne5 13. f4 Nxd3 14. Qxd3 Nd7
15. Rad1 Nc5 16. Qe3 f6 17. Bh4 e5 18. Nc2 Be6 19. Qe2 Na4 20. fxe5 Nxc3 21.
Qf3 Nxd1 22. exf6 O-O 23. Rxd1 Qxc4 24. Rxd6 Qc5+ 0-1

[Event "18. Obert Int. Sant Marti 2016"]
[Site "Barcelona ESP"]
[Date "2016.07.21"]
[Round "9.24"]
[White "Ramirez Garcia, Jorge Alberto"]
[Black "Jayakumaar, S."]
[Result "0-1"]
[WhiteElo "2264"]
[BlackElo "2151"]
[PlyCount "90"]
[EventDate "2016.07.13"]
[EventType "swiss"]
[EventRounds "9"]
[EventCountry "ESP"]
[SourceTitle "Ajedrez en Madrid"]
[Source "lmi"]
[SourceDate "2016.07.13"]
[SourceVersion "1"]
[SourceVersionDate "2019.06.21"]
[SourceQuality "1"]

1. d4 d5 2. c4 e6 3. Nc3 Be7 4. Nf3 Nf6 5. Bf4 O-O 6. e3 Nbd7 7. a3 c5 8. cxd5
exd5 9. Bd3 c4 10. Bf5 Re8 11. O-O Nf8 12. Qc2 g6 13. Bxc8 Rxc8 14. Rad1 a6 15.
a4 N8d7 16. Ne5 Bb4 17. Bg5 Qa5 18. Bxf6 Nxf6 19. Ne2 Qb6 20. h3 Ne4 21. Nf4
Qd6 22. f3 Ng3 23. Rf2 Ba5 24. Kh2 Nf5 25. Re2 f6 26. Ng4 Nxe3 27. Rxe3 Rxe3
28. g3 Rxf3 29. Qe2 Rxf4 30. gxf4 Qxf4+ 31. Kg2 Rf8 32. Qe6+ Kg7 33. Qxd5 Bc7
34. Nf2 Qg5+ 35. Qxg5 fxg5 36. Ne4 Bf4 37. Nc5 Rf6 38. a5 Be3 39. Ne4 Rf4 40.
Nxg5 Rf2+ 41. Kg3 Rxb2 42. Ne4 Rb3 43. Nc5 Ra3 44. Kg2 c3 45. Re1 c2 0-1

[Event "18. Obert Int. Sant Marti 2016"]
[Site "Barcelona ESP"]
[Date "2016.07.21"]
[Round "9.25"]
[White "Hernandez Moya, Yuleisy"]
[Black "Sadhwani, Raunak"]
[Result "1-0"]
[WhiteElo "2260"]
[BlackElo "2122"]
[PlyCount "109"]
[EventDate "2016.07.13"]
[EventType "swiss"]
[EventRounds "9"]
[EventCountry "ESP"]
[SourceTitle "Ajedrez en Madrid"]
[Source "lmi"]
[SourceDate "2016.07.13"]
[SourceVersion "1"]
[SourceVersionDate "2019.06.21"]
[SourceQuality "1"]

1. e4 c5 2. Nf3 e6 3. d4 cxd4 4. Nxd4 a6 5. c4 Nf6 6. Nc3 Qc7 7. a3 b6 8. Be3
Bb7 9. f3 Be7 10. Be2 O-O 11. Rc1 d6 12. O-O Nbd7 13. b4 Rac8 14. Qd2 Qb8 15.
Kh1 Bd8 16. Nb3 Bc7 17. Rfd1 Rfd8 18. Qe1 d5 19. exd5 exd5 20. cxd5 Bxh2 21.
Qh4 Bg3 22. Qh3 Re8 23. Bd4 Rxc3 24. Bxc3 Rxe2 25. Nd4 Re8 26. Nf5 Bf4 27. Nxg7
Kxg7 28. Qxd7 Be5 29. Bxe5 Rxe5 30. Qc7 Qxc7 31. Rxc7 Bxd5 32. Ra7 Bc4 33. Rc1
Rh5+ 34. Kg1 Rh4 35. g4 b5 36. Rxa6 Bd5 37. Rc5 Rh6 38. Rxb5 Rg6 39. Rxf6 Rxf6
40. Rxd5 Rxf3 41. Ra5 Rg3+ 42. Kf2 Rxg4 43. b5 Rg5 44. a4 Kf6 45. Ra8 Rg4 46.
b6 Rb4 47. a5 Ke7 48. Rh8 Kd7 49. a6 Rxb6 50. a7 Rf6+ 51. Kg3 Rg6+ 52. Kf4 Rf6+
53. Kg5 Rg6+ 54. Kf5 Ra6 55. a8=Q 1-0

[Event "18. Obert Int. Sant Marti 2016"]
[Site "Barcelona ESP"]
[Date "2016.07.21"]
[Round "9.26"]
[White "Ibanez Aullana, Ramon"]
[Black "Martin Perez, Laura"]
[Result "1-0"]
[WhiteElo "2258"]
[BlackElo "2104"]
[PlyCount "81"]
[EventDate "2016.07.13"]
[EventType "swiss"]
[EventRounds "9"]
[EventCountry "ESP"]
[SourceTitle "Ajedrez en Madrid"]
[Source "lmi"]
[SourceDate "2016.07.13"]
[SourceVersion "1"]
[SourceVersionDate "2019.06.21"]
[SourceQuality "1"]

1. d4 Nf6 2. c4 e6 3. Nc3 Bb4 4. a3 Bxc3+ 5. bxc3 b6 6. f3 Bb7 7. e4 d6 8. Bg5
h6 9. Bh4 Nbd7 10. Bd3 e5 11. Ne2 g5 12. Bf2 Nh5 13. Ng3 Nf4 14. Bf1 Qf6 15.
Nf5 Nb8 16. Ne3 Ne6 17. Nd5 Qg7 18. a4 Nc6 19. Ne3 Na5 20. Rb1 Rd8 21. Qd2 Ba6
22. Qa2 Qf6 23. Rd1 Bb7 24. h4 Ba6 25. Ng4 Qg7 26. dxe5 dxe5 27. Rxd8+ Kxd8 28.
c5 Bb7 29. cxb6 axb6 30. Qb2 Kc8 31. Bxb6 cxb6 32. Qxb6 Nc6 33. Ba6 Ncd8 34.
Bxb7+ Nxb7 35. a5 Nc7 36. a6 Nxa6 37. Qxa6 h5 38. Nf6 Kb8 39. O-O Rc8 40. Rb1
Rc7 41. Ra1 1-0

[Event "18. Obert Int. Sant Marti 2016"]
[Site "Barcelona ESP"]
[Date "2016.07.21"]
[Round "9.27"]
[White "Mulay, Pratik"]
[Black "Martinez Lopez, Ivan"]
[Result "1/2-1/2"]
[WhiteElo "1983"]
[BlackElo "2242"]
[PlyCount "77"]
[EventDate "2016.07.13"]
[EventType "swiss"]
[EventRounds "9"]
[EventCountry "ESP"]
[SourceTitle "Ajedrez en Madrid"]
[Source "lmi"]
[SourceDate "2016.07.13"]
[SourceVersion "1"]
[SourceVersionDate "2019.06.21"]
[SourceQuality "1"]

1. e4 d5 2. exd5 Qxd5 3. Nc3 Qd6 4. d4 c6 5. Nf3 Nf6 6. Ne5 Nbd7 7. Nc4 Qc7 8.
a4 Nb6 9. Ne5 a5 10. Qf3 Be6 11. Bf4 Qc8 12. O-O-O Nbd5 13. Bc4 g6 14. Nxd5
Nxd5 15. Bxd5 Bxd5 16. Qe3 Bg7 17. h4 h5 18. Rhe1 O-O 19. Bh6 Qf5 20. f3 Bxe5
21. Qxe5 Qxe5 22. Rxe5 Rfe8 23. Rde1 e6 24. Bd2 b5 25. b3 Rec8 26. Kb2 b4 27.
Bg5 c5 28. dxc5 Rxc5 29. Bf6 Rac8 30. R1e2 Kf8 31. R5e3 Ke8 32. Rd2 Kd7 33. Bd4
R5c6 34. c4 bxc3+ 35. Bxc3 Ra8 36. Rc2 Rac8 37. Rce2 Ra6 38. Rc2 Rac6 39. Rd2
1/2-1/2

[Event "18. Obert Int. Sant Marti 2016"]
[Site "Barcelona ESP"]
[Date "2016.07.21"]
[Round "9.28"]
[White "Adeimi, Michel"]
[Black "Yashas, D.."]
[Result "0-1"]
[WhiteElo "1963"]
[BlackElo "2201"]
[PlyCount "106"]
[EventDate "2016.07.13"]
[EventType "swiss"]
[EventRounds "9"]
[EventCountry "ESP"]
[SourceTitle "Ajedrez en Madrid"]
[Source "lmi"]
[SourceDate "2016.07.13"]
[SourceVersion "1"]
[SourceVersionDate "2019.06.21"]
[SourceQuality "1"]

1. e4 e6 2. Nf3 d5 3. Nc3 Nf6 4. e5 Nfd7 5. d4 c5 6. Bg5 Qb6 7. dxc5 Nxc5 8.
Qd2 a6 9. O-O-O Nc6 10. Bd3 Nxd3+ 11. cxd3 Bd7 12. Kb1 Bb4 13. Rc1 d4 14. Na4
Qa5 15. Qc2 Na7 16. Nc5 Rc8 17. Bd2 Bxd2 18. Nxd2 b6 19. Nc4 Qxc5 20. Nd6+ Qxd6
21. exd6 Rxc2 22. Rxc2 Bc6 23. Rc4 Kd7 24. Rxd4 Nb5 25. Rb4 a5 26. Rb3 Rb8 27.
Rc1 Nxd6 28. Rbc3 Rc8 29. f3 Bb5 30. Kc2 Rxc3+ 31. bxc3 Bc6 32. Kd2 b5 33. c4
bxc4 34. dxc4 e5 35. Kc3 Nf5 36. Rb1 Kc7 37. Rd1 f6 38. c5 Nd4 39. Rd2 Bb5 40.
a4 Ba6 41. Rb2 Ne6 42. Rd2 Nxc5 43. Rd5 Kc6 44. Rd8 Nxa4+ 45. Kb3 Nc5+ 46. Ka3
f5 47. Rg8 g6 48. Rg7 e4 49. Rxh7 e3 50. Re7 e2 51. g4 Kd6 52. Re3 f4 53. Re8
Ne6 0-1

[Event "18. Obert Int. Sant Marti 2016"]
[Site "Barcelona ESP"]
[Date "2016.07.21"]
[Round "9.29"]
[White "Liu, Chang"]
[Black "Ojas, Kulkarni"]
[Result "1-0"]
[WhiteElo "2361"]
[BlackElo "2006"]
[PlyCount "81"]
[EventDate "2016.07.13"]
[EventType "swiss"]
[EventRounds "9"]
[EventCountry "ESP"]
[SourceTitle "Ajedrez en Madrid"]
[Source "lmi"]
[SourceDate "2016.07.13"]
[SourceVersion "1"]
[SourceVersionDate "2019.06.21"]
[SourceQuality "1"]

1. c4 c5 2. g3 Nc6 3. Bg2 g6 4. Nc3 Bg7 5. Nf3 e6 6. O-O Nge7 7. e3 O-O 8. d4
cxd4 9. exd4 d5 10. cxd5 Nxd5 11. Re1 Nce7 12. Bg5 h6 13. Nxd5 hxg5 14. Nxe7+
Qxe7 15. Qe2 Bd7 16. Ne5 Bc6 17. Bxc6 bxc6 18. Nxc6 Qd6 19. Rac1 Bxd4 20. Red1
e5 21. Qg4 Kg7 22. Nxd4 exd4 23. Qxd4+ Qxd4 24. Rxd4 Rfd8 25. Rcd1 Rxd4 26.
Rxd4 Re8 27. Ra4 Re7 28. h3 Kf6 29. Ra5 Rd7 30. b3 Rc7 31. Kg2 Rd7 32. Kf3 Re7
33. Ra6+ Kg7 34. b4 Rb7 35. a3 Re7 36. a4 Rb7 37. b5 Re7 38. Rc6 Kg8 39. Rc5
Re6 40. Rc7 a6 41. Rc6 1-0

[Event "18. Obert Int. Sant Marti 2016"]
[Site "Barcelona ESP"]
[Date "2016.07.21"]
[Round "9.30"]
[White "Gavrish, Leonid"]
[Black "Perpinya Rofes, Lluis Maria"]
[Result "1-0"]
[WhiteElo "2158"]
[BlackElo "2373"]
[PlyCount "125"]
[EventDate "2016.07.13"]
[EventType "swiss"]
[EventRounds "9"]
[EventCountry "ESP"]
[SourceTitle "Ajedrez en Madrid"]
[Source "lmi"]
[SourceDate "2016.07.13"]
[SourceVersion "1"]
[SourceVersionDate "2019.06.21"]
[SourceQuality "1"]

1. d4 c5 2. d5 g6 3. e4 Bg7 4. c4 d6 5. Nc3 e6 6. f4 exd5 7. cxd5 Ne7 8. Nf3
O-O 9. Be2 Nd7 10. O-O f5 11. e5 dxe5 12. d6 Nc6 13. Bc4+ Kh8 14. Ng5 Nb6 15.
Nf7+ Rxf7 16. Bxf7 e4 17. a4 Bd4+ 18. Kh1 Qxd6 19. a5 Nd7 20. Nb5 Qe7 21. Bd5
Bf6 22. Nc7 Rb8 23. a6 Nb6 24. axb7 Bxb7 25. Bxc6 Bxc6 26. Rxa7 Rd8 27. Qc2 Nc8
28. Nd5 Qxa7 29. Nxf6 Qa6 30. Re1 Qa5 31. Rd1 Kg7 32. Bd2 Qa4 33. b3 Qd4 34.
Nd5 Kf7 35. Bc3 Qxd1+ 36. Qxd1 Rxd5 37. Qa1 Rd7 38. Bg7 Kg8 39. h4 Rxg7 40. Qf6
Ne7 41. Qd6 Kf7 42. Qxc5 Rg8 43. Qd6 Ra8 44. h5 e3 45. Qe5 Be4 46. Qc3 Nd5 47.
Qb2 Rc8 48. h6 Rc3 49. b4 e2 50. Qxe2 Nxf4 51. Qa2+ Bd5 52. Qa7+ Ke6 53. Qxh7
Rc2 54. Qg8+ Ke5 55. Qb8+ Ke6 56. Qxf4 Rxg2 57. Qe3+ Kf7 58. Qa7+ Ke6 59. Qb6+
Kf7 60. Qd6 Be4 61. Qd7+ Kf8 62. Qg7+ Ke8 63. Qe5+ 1-0

[Event "18. Obert Int. Sant Marti 2016"]
[Site "Barcelona ESP"]
[Date "2016.07.21"]
[Round "9.31"]
[White "Hernando Rodrigo, Julio Antoni"]
[Black "Gaikwad, Siddhant"]
[Result "1-0"]
[WhiteElo "2333"]
[BlackElo "2003"]
[PlyCount "55"]
[EventDate "2016.07.13"]
[EventType "swiss"]
[EventRounds "9"]
[EventCountry "ESP"]
[SourceTitle "Ajedrez en Madrid"]
[Source "lmi"]
[SourceDate "2016.07.13"]
[SourceVersion "1"]
[SourceVersionDate "2019.06.21"]
[SourceQuality "1"]

1. d4 Nf6 2. c4 g6 3. Nf3 Bg7 4. g3 c6 5. Bg2 O-O 6. O-O d5 7. b3 Bg4 8. Bb2
Nbd7 9. cxd5 cxd5 10. Nc3 Rc8 11. Rc1 Re8 12. h3 Bf5 13. g4 Be4 14. Nxe4 Nxe4
15. Rxc8 Qxc8 16. Qd3 Bh6 17. Ne5 Nxe5 18. dxe5 Qc6 19. e3 b6 20. Rc1 Qb7 21.
e6 fxe6 22. Bxe4 dxe4 23. Qd4 Kf7 24. g5 Rg8 25. gxh6 g5 26. Qe5 Qa6 27. Rc7
Rg6 28. Qd6 1-0

[Event "18. Obert Int. Sant Marti 2016"]
[Site "Barcelona ESP"]
[Date "2016.07.21"]
[Round "9.32"]
[White "Snehal, Bhosale"]
[Black "Coll Ortega, Jordi"]
[Result "0-1"]
[WhiteElo "2150"]
[BlackElo "2243"]
[PlyCount "76"]
[EventDate "2016.07.13"]
[EventType "swiss"]
[EventRounds "9"]
[EventCountry "ESP"]
[SourceTitle "Ajedrez en Madrid"]
[Source "lmi"]
[SourceDate "2016.07.13"]
[SourceVersion "1"]
[SourceVersionDate "2019.06.21"]
[SourceQuality "1"]

1. d4 Nf6 2. c4 g6 3. Nc3 Bg7 4. e4 d6 5. Nf3 O-O 6. Be2 e5 7. O-O Nc6 8. d5
Ne7 9. b4 a5 10. Ba3 axb4 11. Bxb4 b6 12. a4 Re8 13. Nd2 c5 14. Ba3 Rf8 15. Qc2
Ne8 16. Rfb1 f5 17. f3 f4 18. Bb2 g5 19. Nd1 h5 20. Nf2 Nf6 21. Qd1 Rf7 22. Nf1
Ng6 23. Ra3 Bh6 24. h3 Nh4 25. Bc3 g4 26. fxg4 hxg4 27. Bxg4 Nxg4 28. Nxg4 Bxg4
29. Qxg4+ Rg7 30. Qe6+ Kh7 31. Ra2 Raa7 32. Be1 Nf3+ 33. Kh1 Nd4 34. Bh4 Qxh4
35. Qxd6 f3 36. g3 Qxe4 37. Rxb6 f2+ 38. Kh2 Nf3+ 0-1

[Event "18. Obert Int. Sant Marti 2016"]
[Site "Barcelona ESP"]
[Date "2016.07.21"]
[Round "9.33"]
[White "Bannink, Bernard"]
[Black "Kakumanu, Kautil"]
[Result "1-0"]
[WhiteElo "2232"]
[BlackElo "1956"]
[PlyCount "87"]
[EventDate "2016.07.13"]
[EventType "swiss"]
[EventRounds "9"]
[EventCountry "ESP"]
[SourceTitle "Ajedrez en Madrid"]
[Source "lmi"]
[SourceDate "2016.07.13"]
[SourceVersion "1"]
[SourceVersionDate "2019.06.21"]
[SourceQuality "1"]

1. d4 Nf6 2. Nf3 e6 3. Bg5 d5 4. e3 c5 5. c3 Be7 6. Nbd2 Nc6 7. Bd3 b6 8. O-O
Bb7 9. Re1 O-O 10. a3 h6 11. Bh4 Ne4 12. Bxe7 Nxe7 13. Qc2 Nxd2 14. Qxd2 Nc8
15. Ne5 Nd6 16. Rad1 Qc7 17. Bb1 Rad8 18. Qd3 f5 19. Qe2 c4 20. Qh5 Rf6 21. f4
Bc6 22. h3 Be8 23. Qh4 Nf7 24. g4 g5 25. Qg3 Nxe5 26. dxe5 Rg6 27. Kh1 Qf7 28.
Rg1 Bc6 29. Rd4 Kh8 30. gxf5 exf5 31. h4 g4 32. e4 fxe4 33. Bxe4 Rgg8 34. Bg2
Qf5 35. Rgd1 Rd7 36. Kh2 Rgd8 37. Qe3 g3+ 38. Qxg3 Rg7 39. Qh3 Rg4 40. Rf1 Rdg8
41. Rf2 Qb1 42. f5 h5 43. Qe3 Rxh4+ 44. Rxh4 1-0